| 000 | 00389nam a22001697a 4500 | ||
|---|---|---|---|
| 003 | NUST | ||
| 020 | _a978-81-30917337 | ||
| 038 | _akhadija | ||
| 082 |
_a537 _bSHA |
||
| 100 |
_aShankar, Rajiv. _982619 |
||
| 245 | _aElectrical System Designing Made Simple | ||
| 260 |
_aNew Delhi : _bViva , _c2011. |
||
| 300 | _a205 p. ; | ||
| 500 | _aPaperback | ||
| 563 | _aPB | ||
| 942 |
_cBK _2ddc |
||
| 999 |
_c32871 _d32871 |
||